Gentilés des villes françaises - Niveau moyen - Statistiques

Statistiques générales
  • Ce quiz a été pris 55 fois
  • Le résultat moyen est 13 sur 20
Statistiques - réponses
Gentilé Ville % Correct
Niçoise, Niçois Nice
100%
Stéphanoise, Stéphanois Saint-Étienne
94%
Rémoise, Rémois Reims
92%
Poitevine, Poitevin Poitiers
88%
Paloise, Palois Pau
80%
Ivryenne, Ivryen Ivry-sur-Seine
78%
Messine, Messin Metz
78%
Valentinoise, Valentinois Valence
71%
Arrageoise, Arrageois Arras
69%
Mancelle, Manceaux Le Mans
69%
Sablaise, Sablais Les Sables-d'Olonne
67%
Rueilloise, Rueillois Rueil-Malmaison
65%
Malouine, Malouin Saint-Malo
63%
Blésoise, Blésois Blois
59%
Tamponnaise, Tamponnais Le Tampon
59%
Isséenne, Isséen Issy-les-Moulineaux
55%
Dionysienne, Dionysien Saint-Denis
41%
Maisonnaise, Maisonnais Maisons-Alfort
35%
Yonnaise, Yonnais La Roche-sur-Yon
31%
Cristolienne, Cristolien Créteil
16%
Aucun quiz correspondant
Distribution des résultats
% des personnes avec chaque résultat
Percentile par nombre de réponses
Votre historique - résultats
Vous n’avez pas pris ce quiz